000 00614cam a22002052 4500
001 0000008520
005 20151217152035.0
008 080418s xx 000 0 eng d
020 _a1856841801 :
_cKES 730
040 _aKABU
_cKABU
100 1 _aCoffey, Ian.
_@0000159152
245 1 0 _aPhilippians :
_bCrossway Bible guide /
_cIan Coffey.
250 _a2nd ed.
260 _aLeicester, England :
_bCrossway Books,
_c1999.
300 _a144.
650 0 _aBible.N. T.Philippians
_xStudy and teaching.
_@0000159153
908 _a080418
950 _@1
999 _c7616
_d7616